Name Every NBA Player who got Traded During the 2023-24 Season - Statistics

General Stats
  • This quiz has been taken 114 times
  • The average score is 17 of 71
Answer Stats
Team Traded From Team Traded to Answer % Correct
Philadelphia 76ers Los Angeles Clippers James Harden
93%
New York Knicks Toronto Raptors RJ Barrett
74%
Toronto Raptors New York Knicks OG Anunoby
73%
Toronto Raptors Indiana Pacers Pascal Siakam
72%
New York Knicks Toronto Raptors Immanuel Quickley
63%
Philadelphia 76ers Los Angeles Clippers P.J Tucker
56%
Los Angeles Clippers Philadelphia 76ers Nicolas Batum
55%
Charlotte Hornets Miami Heat Terry Rozier
53%
Washington Wizards Dallas Mavericks Daniel Gafford
48%
Charlotte Hornets Dallas Mavericks P.J. Washington
44%
Indiana Pacers Philadelphia 76ers Buddy Hield
40%
Miami Heat Charlotte Hornets Kyle Lowry
38%
Detroit Pistons New York Knicks Bojan Bogdanovic
37%
Indiana Pacers Toronto Raptors Bruce Brown
35%
Toronto Raptors Brooklyn Nets Dennis Schroder
35%
Dallas Mavericks Charlotte Hornets Grant Williams
35%
Memphis Grizzlies Houston Rockets Steven Adams
34%
Charlotte Hornets Oklahoma City Thunder Gordon Hayward
33%
Toronto Raptors New York Knicks Precious Achiuwa
33%
Los Angeles Clippers Philadelphia 76ers Robert Covington
32%
Oklahoma City Thunder Charlotte Hornets Tre Mann
28%
Minnesota Timberwolves Detroit Pistons Troy Brown Jr.
28%
Los Angeles Clippers Philadelphia 76ers Marcus Morris
26%
Philadelphia 76ers San Antonio Spurs Marcus Morris
26%
Washington Wizards Detroit Pistons Marvin Bagley III
26%
Detroit Pistons New York Knicks Alec Burks
25%
Detroit Pistons Minnesota Timberwolves Monte Morris
25%
Utah Jazz Toronto Raptors Kelly Olynyk
24%
Memphis Grizzlies Boston Celtics Xavier Tillman
22%
Los Angeles Clippers Philadelphia 76ers K.J Martin
21%
Philadelphia 76ers Milwaukee Bucks Patrick Beverley
21%
New York Knicks Detroit Pistons Quentin Grimes
21%
Toronto Raptors New York Knicks Malachi Flynn
20%
New York Knicks Detroit Pistons Malachi Flynn
20%
Brooklyn Nets Toronto Raptors Spencer Dinwiddie
20%
Dallas Mavericks Charlotte Hornets Seth Curry
19%
Houston Rockets Memphis Grizzlies Victor Oladipo
18%
Milwaukee Bucks Philadelphia 76ers Cameron Payne
17%
New York Knicks Detroit Pistons Evan Fournier
17%
Brooklyn Nets Phoenix Suns Royce O'Neale
16%
Utah Jazz Detroit Pistons Simone Fontecchio
16%
Oklahoma City Thunder Charlotte Hornets Vasilije Micic
15%
Detroit Pistons Washington Wizards Danilo Gallinari
14%
Oklahoma City Thunder Charlotte Hornets Davis Bertans
14%
Philadelphia 76ers Boston Celtics Jaden Springer
14%
Phoenix Suns Memphis Grizzlies Yuta Watanabe
13%
San Antonio Spurs Indiana Pacers Doug McDermott
12%
Utah Jazz Toronto Raptors Ochai Agbaji
12%
Indiana Pacers Toronto Raptors Jordan Nwora
11%
Minnesota Timberwolves Detroit Pistons Shake Milton
9%
Boston Celtics Portland Trailblazers Dalano Banton
8%
Philadelphia 76ers Indiana Pacers Furkan Korkmaz
8%
Detroit Pistons Washington Wizards Mike Muscala
8%
Toronto Raptors Utah Jazz Otto Porter Jr.
8%
Memphis Grizzlies Phoenix Suns David Roddy
7%
Philadelphia 76ers Los Angeles Clippers Filip Petrusev
7%
Los Angeles Clippers Sacramento Kings Filip Petrusev
7%
Phoenix Suns Brooklyn Nets Keita Bates-Diop
7%
Golden State Warriors Indiana Pacers Cory Joseph
6%
Indiana Pacers Toronto Raptors Kira Lewis Jr.
6%
Toronto Raptors Utah Jazz Kira Lewis Jr.
6%
Boston Celtics Memphis Grizzlies Lamar Stevens
6%
Milwaukee Bucks Sacramento Kings Robin Lopez
6%
Philadelphia 76ers Detroit Pistons Danuel House Jr.
5%
Washington Wizards Detroit Pistons Isiah Livers
5%
Detroit Pistons Utah Jazz Kevin Knox
5%
Dallas Mavericks Washington Wizards Richaun Holmes
5%
New York Knicks Detroit Pistons Ryan Arcidiacono
5%
Toronto Raptors Brooklyn Nets Thaddeus Young
5%
Phoenix Suns Memphis Grizzlies Chimezie Metu
4%
Phoenix Suns Brooklyn Nets Jordan Goodwin
4%
No matching quizzes found
Score Distribution
Percent of People with Each Score
Percentile by Number Answered
Your Score History
You have not taken this quiz